| 000 | 01034 a2200229 4500 | ||
|---|---|---|---|
| 001 | 37844 | ||
| 005 | 20260407155645.0 | ||
| 008 | 260407a2001 arg spa d | ||
| 003 | AR-UNSa-BCEJYS | ||
| 040 |
_aAR-UNSa-BCEJYS _bspa _cAR-UNSa-BCEJYS |
||
| 080 |
_a658.56 _xControl de la calidad. Control de herramientas y material |
||
| 245 | 1 | 0 |
_aISO 9000 _pversión 2000, experiencia operativa |
| 264 | 1 |
_aCórdoba : _bUniversidad Nacional de Córdoba _c2001 |
|
| 300 |
_a189 p. _c20 cm. |
||
| 505 | _a1. Introducción - 2. ISO 9000, modificaciones - 3. Decisión e implementación - 4. La consultoría - 5. La preparación - 6. Manual de calidad - 7. La Pyme y el medio ambiente - 8. Inversiones y resultados - 9. La ISO que se vienen - 10. Normas ISO 9001, requisitos. | ||
| 942 | _cBK | ||
| 590 | _aniveau_biblio:m niveau_hierar:0 | ||
| 100 | 1 | _aLafaye, Hugo Enrique | |
| 650 | _aNorma ISO 9000 | ||
| 856 | 4 | 1 |
_uhttps://biblioeco.unsa.edu.ar/pmb/images/libros/L86338.jpg _yImagen de portada _qimage/jpeg |
| 650 | _a norma iso 9000 | ||
| 999 |
_c2819 _d2819 |
||